000 00398nam a2200157Ia 4500
008 210716s2008 xx 000 0 und d
020 _a9780070667099
041 _aeng
082 _a337 PUGT
100 _aPugel, Thomas A.
245 _aInternational economics.
250 _a13
260 _aNew Delhi
_bTata McGraw Hill Publishing Company
_c2008
300 _axxiv,730
650 _aEconomics
999 _c202158
_d202158